| 000 | 00477pab a2200181 454500 | ||
|---|---|---|---|
| 008 | 180718b2015 xxu||||| |||| 00| 0 eng d | ||
| 100 | _aKhadria, Binod | ||
| 245 | _aImmigrants and immigration in India: A fresh approach | ||
| 260 | _c2015 | ||
| 300 | _ap.65-71. | ||
| 362 | _a21 Feb | ||
| 650 | _aImmigrants - India | ||
| 650 | _aImmigration - India | ||
| 650 | _aImmigration | ||
| 700 | _aPerveen Kumar | ||
| 773 | _aEconomic and Political Weekly | ||
| 909 | _a107168 | ||
| 999 |
_c107163 _d107163 |
||